[Event "MCR_KT_03"]
[Site "?"]
[Date "2005.??.??"]
[Round "?"]
[White "Kudr, Roman"]
[Black "Novak, Jindrich"]
[Result "1-0"]
[WhiteElo "1987"]
[BlackElo "1807"]
[PlyCount "47"]
[EventDate "2005.??.??"]
[EventType "corr"]
[EventRounds "2"]
[SourceDate "2005.03.12"]

1. e4 c5 2. Nf3 f5 3. exf5 Nc6 4. d4 d5 5. Bb5 Bxf5 6. dxc5 Nf6 7. O-O Qa5 8.
Nd4 Bd7 9. Nc3 e6 10. Bxc6 bxc6 11. Qe2 Kf7 12. Nb3 Qb4 13. a3 Qg4 14. Qxg4
Nxg4 15. Re1 a5 16. Na4 Ra6 17. Bd2 Be7 18. Nxa5 Rha8 19. b4 Bf6 20. Bc3 d4 21.
Bb2 Rxa5 22. bxa5 Rxa5 23. Nb6 Rxc5 24. Nxd7 1-0

[Event "MCR_KT_03"]
[Site "?"]
[Date "2005.??.??"]
[Round "?"]
[White "Kudr, Roman"]
[Black "Obrusnik, Pavel"]
[Result "1-0"]
[WhiteElo "1987"]
[BlackElo "1800"]
[PlyCount "63"]
[EventDate "2005.??.??"]
[EventType "corr"]
[EventRounds "2"]
[SourceDate "2005.03.12"]

1. e4 e5 2. Nf3 Nc6 3. Bb5 a6 4. Ba4 Nf6 5. O-O Be7 6. Re1 b5 7. Bb3 d6 8. c3
O-O 9. a4 b4 10. d4 bxc3 11. bxc3 Bg4 12. Bd5 Qd7 13. h3 Bxf3 14. Qxf3 Nxd5 15.
exd5 Na5 16. Nd2 Bf6 17. Ne4 Qd8 18. Bh6 Re8 19. Nxf6+ Qxf6 20. Qxf6 gxf6 21.
Re3 Kh8 22. Rf3 Rg8 23. Rxf6 Rg6 24. Rxg6 hxg6 25. Rb1 exd4 26. cxd4 Re8 27.
Rc1 Rc8 28. Bf4 Nb7 29. Rc6 a5 30. Bd2 Kg7 31. Rc2 f5 32. Rb2 1-0

[Event "MCR_KT_03"]
[Site "?"]
[Date "2005.??.??"]
[Round "?"]
[White "Kudr, Roman"]
[Black "Pressl, Ladislav"]
[Result "1-0"]
[WhiteElo "1987"]
[BlackElo "1918"]
[PlyCount "65"]
[EventDate "2005.??.??"]
[EventType "corr"]
[EventRounds "2"]
[SourceDate "2005.03.12"]

1. e4 e5 2. Nf3 Nc6 3. Bb5 a6 4. Ba4 Nf6 5. O-O Be7 6. Re1 b5 7. Bb3 d6 8. c3
O-O 9. h3 Nb8 10. d4 Nbd7 11. Nbd2 Bb7 12. Bc2 Re8 13. Nf1 Bf8 14. Ng3 g6 15.
Bg5 Bg7 16. Qd2 c5 17. d5 a5 18. b3 Nb6 19. Bd3 c4 20. bxc4 bxc4 21. Be2 a4 22.
Reb1 Qc7 23. Be3 Nfd7 24. Rb4 Reb8 25. Rab1 Ra6 26. Qd1 a3 27. Nd2 Nc5 28. Nxc4
Nxc4 29. Bxc4 Raa8 30. Bf1 Na6 31. Rb6 Nc5 32. Bxc5 dxc5 33. d6 1-0

[Event "MCR_KT_03"]
[Site "?"]
[Date "2005.??.??"]
[Round "?"]
[White "Kudr, Roman"]
[Black "Sindelar, Frantisek"]
[Result "1/2-1/2"]
[WhiteElo "1987"]
[BlackElo "1925"]
[PlyCount "54"]
[EventDate "2005.??.??"]
[EventType "corr"]
[EventRounds "2"]
[SourceDate "2005.03.12"]

1. e4 e6 2. d4 d5 3. Nd2 dxe4 4. Nxe4 Nd7 5. Nf3 Ngf6 6. Nxf6+ Nxf6 7. Bd3 c5
8. O-O cxd4 9. Nxd4 Qb6 10. a4 Bd7 11. c3 O-O-O 12. Qe2 Bd6 13. Be3 Nd5 14. Nb5
Nxe3 15. Nxd6+ Qxd6 16. Qxe3 Kb8 17. Rfd1 Qc7 18. Bb5 Bc8 19. b3 e5 20. Bc4 f6
21. Qf3 h6 22. Bd5 Rd6 23. c4 Rhd8 24. b4 g5 25. c5 R6d7 26. a5 f5 27. Qb3 e4
1/2-1/2

[Event "MCR_KT_03"]
[Site "?"]
[Date "2005.??.??"]
[Round "?"]
[White "Kudr, Roman"]
[Black "Svoboda, Frantisek"]
[Result "1-0"]
[WhiteElo "1987"]
[BlackElo "1800"]
[PlyCount "51"]
[EventDate "2005.??.??"]
[EventType "corr"]
[EventRounds "2"]
[SourceDate "2005.03.12"]

1. e4 Nc6 2. Nf3 f5 3. e5 d6 4. Bb5 dxe5 5. Nxe5 Qd5 6. Qh5+ g6 7. Nxg6 Qe6+ 8.
Ne5+ Kd8 9. f4 Nf6 10. Qe2 Nb4 11. d4 Bh6 12. Bc4 Nbd5 13. Nc3 c6 14. Bd2 Kc7
15. Nxd5+ Nxd5 16. Nf7 Rg8 17. Nxh6 Rxg2 18. Qe5+ Kb6 19. Bf1 Rxd2 20. Qxe6
Bxe6 21. Kxd2 Rf8 22. c4 Nxf4 23. Rg1 Rf6 24. Ng8 Rf7 25. Re1 h5 26. Ke3 1-0

[Event "MCR_KT_03"]
[Site "?"]
[Date "2005.??.??"]
[Round "?"]
[White "Novak, Jindrich"]
[Black "Kudr, Roman"]
[Result "0-1"]
[WhiteElo "1807"]
[BlackElo "1987"]
[PlyCount "34"]
[EventDate "2005.??.??"]
[EventType "corr"]
[EventRounds "2"]
[SourceDate "2005.03.12"]

1. c4 g6 2. f4 Bg7 3. d4 c5 4. d5 f5 5. Nf3 Nf6 6. Nc3 O-O 7. g3 Qb6 8. Qb3
Qxb3 9. axb3 Na6 10. Rxa6 bxa6 11. Ne5 Rb8 12. Na4 d6 13. Nc6 Rxb3 14. Nxe7+
Kf7 15. Nxc8 Rxc8 16. Kd1 Ng4 17. Kc2 Rcb8 0-1

[Event "MCR_KT_03"]
[Site "?"]
[Date "2005.??.??"]
[Round "?"]
[White "Novak, Jindrich"]
[Black "Obrusnik, Pavel"]
[Result "1-0"]
[WhiteElo "1807"]
[BlackElo "1800"]
[PlyCount "45"]
[EventDate "2005.??.??"]
[EventType "corr"]
[EventRounds "2"]
[SourceDate "2005.03.12"]

1. c4 e5 2. f4 d6 3. Nf3 e4 4. Ng5 Nf6 5. Nc3 Qe7 6. g3 h6 7. Nh3 Be6 8. Bg2
Bxh3 9. Bxh3 g5 10. d4 Nc6 11. d5 Nd8 12. fxg5 hxg5 13. Bf5 Qe5 14. O-O Bh6 15.
Be3 c5 16. Qd2 Nh5 17. Nxe4 Ng7 18. Nf6+ Ke7 19. Bxg5 Bxg5 20. Qxg5 Qxf6 21.
Qg4 Qxb2 22. Rab1 Qd4+ 23. Qxd4 1-0

[Event "MCR_KT_03"]
[Site "?"]
[Date "2005.??.??"]
[Round "?"]
[White "Novak, Jindrich"]
[Black "Pressl, Ladislav"]
[Result "0-1"]
[WhiteElo "1807"]
[BlackElo "1918"]
[PlyCount "60"]
[EventDate "2005.??.??"]
[EventType "corr"]
[EventRounds "2"]
[SourceDate "2005.03.12"]

1. c3 d5 2. e4 c6 3. e5 Bf5 4. Nf3 Qa5 5. Be2 Nd7 6. d4 O-O-O 7. b4 Qc7 8. Bf4
e6 9. a4 Be7 10. b5 c5 11. c4 dxc4 12. O-O cxd4 13. Qxd4 Nb6 14. Qb2 Nd5 15.
Bg3 c3 16. Qb3 Bb4 17. Nd4 Nge7 18. Na3 Bc5 19. Nf3 Be4 20. Nc4 Nf5 21. a5 Bxf3
22. Bxf3 Nd4 23. Qa4 Nxf3+ 24. gxf3 Qd7 25. Nd6+ Kb8 26. Qc4 Bxd6 27. exd6 Rc8
28. Qe2 Rc5 29. b6 Rhc8 30. bxa7+ Kxa7 0-1

[Event "MCR_KT_03"]
[Site "?"]
[Date "2005.??.??"]
[Round "?"]
[White "Novak, Jindrich"]
[Black "Sindelar, Frantisek"]
[Result "0-1"]
[WhiteElo "1807"]
[BlackElo "1925"]
[PlyCount "40"]
[EventDate "2005.??.??"]
[EventType "corr"]
[EventRounds "2"]
[SourceDate "2005.03.12"]

1. c4 e5 2. f4 exf4 3. Nf3 g5 4. h3 Nc6 5. Nc3 Bg7 6. d4 h5 7. e3 g4 8. hxg4
hxg4 9. Rxh8 Bxh8 10. d5 gxf3 11. Qxf3 Qh4+ 12. Kd1 d6 13. Qe4+ Nce7 14. Qxf4
Bg4+ 15. Be2 Qh1+ 16. Kd2 Bxc3+ 17. bxc3 Bxe2 18. Kxe2 Qxg2+ 19. Kd3 Ng6 20.
Qe4+ Ne5+ 0-1

[Event "MCR_KT_03"]
[Site "?"]
[Date "2005.??.??"]
[Round "?"]
[White "Novak, Jindrich"]
[Black "Svoboda, Frantisek"]
[Result "1/2-1/2"]
[WhiteElo "1807"]
[BlackElo "1800"]
[PlyCount "87"]
[EventDate "2005.??.??"]
[EventType "corr"]
[EventRounds "2"]
[SourceDate "2005.03.12"]

1. c3 f5 2. f4 b6 3. e4 fxe4 4. Qh5+ g6 5. Qd5 c6 6. Qxe4 Nf6 7. Qc2 d5 8. Nf3
Bg7 9. d4 Ne4 10. Bd3 Bf5 11. g4 Bxg4 12. Bxe4 dxe4 13. Qxe4 Bf5 14. Qe2 O-O
15. Nbd2 Bg4 16. Ne4 Qd5 17. O-O Bh6 18. c4 Bxf3 19. Rxf3 Qxd4+ 20. Kg2 Na6 21.
Rh3 Bxf4 22. Bxf4 Rxf4 23. Ng5 Rg4+ 24. Rg3 Rxg3+ 25. hxg3 Qf6 26. Ne6 Nc5 27.
Nxc5 bxc5 28. Rf1 Qd4 29. Qe6+ Kh8 30. b3 Qd6 31. Qxd6 exd6 32. Rf6 Rd8 33. Rf7
a5 34. Ra7 a4 35. Rxa4 h5 36. Ra6 Kg7 37. Rxc6 Kf6 38. a4 Ke5 39. a5 Ke6 40. a6
Rd7 41. Kf3 g5 42. Rb6 Ra7 43. b4 cxb4 44. Ke4 1/2-1/2

[Event "MCR_KT_03"]
[Site "?"]
[Date "2005.??.??"]
[Round "?"]
[White "Obrusnik, Pavel"]
[Black "Kudr, Roman"]
[Result "0-1"]
[WhiteElo "1800"]
[BlackElo "1987"]
[PlyCount "54"]
[EventDate "2005.??.??"]
[EventType "corr"]
[EventRounds "2"]
[SourceDate "2005.03.12"]

1. e4 c6 2. d4 d5 3. e5 Bf5 4. Nf3 e6 5. a3 Qb6 6. b4 a5 7. c3 axb4 8. Qb3 Nd7
9. Be2 bxc3 10. Qxb6 Nxb6 11. Nxc3 Nc4 12. a4 b5 13. Bxc4 dxc4 14. Bd2 Ne7 15.
O-O b4 16. Na2 b3 17. Nc3 Nd5 18. Nb1 Bd3 19. Ne1 b2 20. Ra2 Bxb1 21. Rxb2 Be4
22. f3 Bg6 23. Ra2 c5 24. dxc5 Bxc5+ 25. Kh1 c3 26. Bc1 Ra5 27. f4 Kd7 0-1

[Event "MCR_KT_03"]
[Site "?"]
[Date "2005.??.??"]
[Round "?"]
[White "Obrusnik, Pavel"]
[Black "Novak, Jindrich"]
[Result "0-1"]
[WhiteElo "1800"]
[BlackElo "1807"]
[PlyCount "52"]
[EventDate "2005.??.??"]
[EventType "corr"]
[EventRounds "2"]
[SourceDate "2005.03.12"]

1. e4 c5 2. Nf3 f5 3. Bd3 fxe4 4. Bxe4 Nf6 5. d3 d5 6. Qe2 dxe4 7. dxe4 b6 8.
Nc3 Ba6 9. Qd2 Qxd2+ 10. Bxd2 Nc6 11. O-O-O Nd4 12. Nxd4 cxd4 13. Nd5 Nxd5 14.
exd5 Be2 15. Rde1 Bc4 16. Re4 Bxd5 17. Rxd4 O-O-O 18. f3 g6 19. c4 Bc6 20.
Rxd8+ Kxd8 21. Rd1 Kc8 22. Re1 Kd7 23. Rd1 Ke8 24. c5 bxc5 25. Ba5 Kf7 26. Rd8
Bh6+ 0-1

[Event "MCR_KT_03"]
[Site "?"]
[Date "2005.??.??"]
[Round "?"]
[White "Obrusnik, Pavel"]
[Black "Pressl, Ladislav"]
[Result "0-1"]
[WhiteElo "1800"]
[BlackElo "1918"]
[PlyCount "48"]
[EventDate "2005.??.??"]
[EventType "corr"]
[EventRounds "2"]
[SourceDate "2005.03.12"]

1. e4 c5 2. Nf3 e6 3. d4 cxd4 4. Nxd4 a6 5. Bd3 Nc6 6. Nxc6 dxc6 7. O-O Bd6 8.
b3 e5 9. Bb2 Nf6 10. h3 O-O 11. Re1 Qc7 12. Nd2 b5 13. c4 Rd8 14. a3 Bxa3 15.
Bxa3 Rxd3 16. Rc1 Qa5 17. b4 Qxa3 18. Nb1 Rxd1 19. Nxa3 Rxe1+ 20. Rxe1 a5 21.
cxb5 axb4 22. Nc4 cxb5 23. Nxe5 Be6 24. Nd3 b3 0-1

[Event "MCR_KT_03"]
[Site "?"]
[Date "2005.??.??"]
[Round "?"]
[White "Obrusnik, Pavel"]
[Black "Sindelar, Frantisek"]
[Result "0-1"]
[WhiteElo "1800"]
[BlackElo "1925"]
[PlyCount "60"]
[EventDate "2005.??.??"]
[EventType "corr"]
[EventRounds "2"]
[SourceDate "2005.03.12"]

1. e4 e6 2. d4 d5 3. Nc3 dxe4 4. Nxe4 Nd7 5. Bc4 Be7 6. Nf3 Ngf6 7. Nxf6+ Bxf6
8. O-O O-O 9. Re1 c5 10. dxc5 Nxc5 11. Qxd8 Rxd8 12. c3 b6 13. Be3 Bb7 14. Bxc5
bxc5 15. Ne5 Rab8 16. Rab1 Rd2 17. a3 Rbd8 18. Nd3 R8xd3 19. Bxd3 Rxd3 20. f3
c4 21. Rbd1 Kf8 22. Rxd3 cxd3 23. c4 Bxb2 24. Rd1 Bxa3 25. Rxd3 Bc5+ 26. Kf1 a5
27. Ke2 Ba6 28. Rc3 a4 29. Kd3 a3 30. Rc2 Ke7 0-1

[Event "MCR_KT_03"]
[Site "?"]
[Date "2005.??.??"]
[Round "?"]
[White "Obrusnik, Pavel"]
[Black "Svoboda, Frantisek"]
[Result "0-1"]
[WhiteElo "1800"]
[BlackElo "1800"]
[PlyCount "52"]
[EventDate "2005.??.??"]
[EventType "corr"]
[EventRounds "2"]
[SourceDate "2005.03.12"]

1. e4 Nc6 2. d4 d5 3. e5 Bf5 4. g4 Be4 5. f3 Bg6 6. Bd3 e6 7. Bxg6 Qh4+ 8. Kf1
hxg6 9. Qe1 Nxd4 10. Qc3 Nc6 11. Be3 Bb4 12. Qd3 d4 13. Bf2 Qg5 14. Bxd4 O-O-O
15. Qe3 Qxe3 16. Bxe3 Nxe5 17. a3 Be7 18. Nc3 Nc4 19. Bc1 Nd2+ 20. Ke2 Bg5 21.
b3 Ne7 22. Ne4 Nxe4 23. fxe4 Bxc1 24. Rxc1 f6 25. Nf3 g5 26. Rcf1 Ng6 0-1

[Event "MCR_KT_03"]
[Site "?"]
[Date "2005.??.??"]
[Round "?"]
[White "Pressl, Ladislav"]
[Black "Kudr, Roman"]
[Result "0-1"]
[WhiteElo "1918"]
[BlackElo "1987"]
[PlyCount "28"]
[EventDate "2005.??.??"]
[EventType "corr"]
[EventRounds "2"]
[SourceDate "2005.03.12"]

1. d4 d5 2. c4 e6 3. Nd2 Nf6 4. Ngf3 dxc4 5. Nxc4 c5 6. e3 Nc6 7. Nce5 Bd7 8.
Nxd7 Qxd7 9. Bb5 a6 10. Ne5 Qd5 11. Bxc6+ bxc6 12. O-O Bd6 13. Qa4 O-O 14. dxc5
Bxe5 0-1

[Event "MCR_KT_03"]
[Site "?"]
[Date "2005.??.??"]
[Round "?"]
[White "Pressl, Ladislav"]
[Black "Novak, Jindrich"]
[Result "1-0"]
[WhiteElo "1918"]
[BlackElo "1807"]
[PlyCount "71"]
[EventDate "2005.??.??"]
[EventType "corr"]
[EventRounds "2"]
[SourceDate "2005.03.12"]

1. e4 c5 2. Nf3 f5 3. Nc3 Nc6 4. Bc4 Nf6 5. d3 Na5 6. Bb5 a6 7. e5 Ng4 8. Ba4
b5 9. Bb3 e6 10. O-O Be7 11. h3 h5 12. hxg4 hxg4 13. Nd2 Bd6 14. g3 Bxe5 15.
Re1 Qc7 16. Nce4 Bb7 17. Kg2 O-O-O 18. a4 Nxb3 19. Nxb3 Rh3 20. axb5 Rdh8 21.
bxa6 Ba8 22. Ra5 fxe4 23. dxe4 Rh2+ 24. Kf1 Rh1+ 25. Ke2 Rxe1+ 26. Qxe1 d6 27.
a7 c4 28. Na1 c3 29. Rxe5 dxe5 30. Qxc3 Qxc3 31. bxc3 Bxe4 32. Nb3 Bf3+ 33. Kd3
Rd8+ 34. Kc4 Kb7 35. Be3 Rd7 36. Na5+ 1-0

[Event "MCR_KT_03"]
[Site "?"]
[Date "2005.??.??"]
[Round "?"]
[White "Pressl, Ladislav"]
[Black "Obrusnik, Pavel"]
[Result "1-0"]
[WhiteElo "1918"]
[BlackElo "1800"]
[PlyCount "59"]
[EventDate "2005.??.??"]
[EventType "corr"]
[EventRounds "2"]
[SourceDate "2005.03.12"]

1. e4 e5 2. Nf3 Nc6 3. Bb5 a6 4. Ba4 Nf6 5. O-O Nxe4 6. d4 b5 7. Bb3 d5 8. dxe5
Be6 9. c3 Bc5 10. Nbd2 O-O 11. Bc2 f5 12. Nb3 Be7 13. Re1 a5 14. Nbd4 Nxd4 15.
Nxd4 Qd7 16. f3 Ng5 17. Be3 f4 18. Bf2 Bc5 19. Qd3 Bxd4 20. cxd4 Rac8 21. Qd2
Qe7 22. Qxa5 Nxf3+ 23. gxf3 Bh3 24. Kh1 Qg5 25. Rg1 Qh5 26. Qc3 c5 27. dxc5 Bf5
28. e6 Rc7 29. Rae1 Qe8 30. e7 1-0

[Event "MCR_KT_03"]
[Site "?"]
[Date "2005.??.??"]
[Round "?"]
[White "Pressl, Ladislav"]
[Black "Sindelar, Frantisek"]
[Result "0-1"]
[WhiteElo "1918"]
[BlackElo "1925"]
[PlyCount "64"]
[EventDate "2005.??.??"]
[EventType "corr"]
[EventRounds "2"]
[SourceDate "2005.03.12"]

1. e4 e6 2. d4 d5 3. Nd2 c5 4. exd5 Qxd5 5. Ngf3 cxd4 6. Bc4 Qc5 7. O-O Bd7 8.
Re1 Nf6 9. Qe2 Bc6 10. Bd3 Bxf3 11. Nxf3 Nc6 12. Bg5 Nd5 13. a3 Rc8 14. Qe4 h6
15. Bh4 g5 16. Bg3 Nf6 17. Qe2 Bg7 18. Rad1 Nd5 19. Be4 Rd8 20. Bd3 Rd7 21. Bc4
O-O 22. Bd3 Qb6 23. Rb1 Rc8 24. Qe4 Nf6 25. Qe2 Nh5 26. Qe4 Nxg3 27. fxg3 Kf8
28. Qg4 Na5 29. b3 Rc3 30. Re2 Nc4 31. Qe4 Nxa3 32. Rf1 Nxc2 0-1

[Event "MCR_KT_03"]
[Site "?"]
[Date "2005.??.??"]
[Round "?"]
[White "Pressl, Ladislav"]
[Black "Svoboda, Frantisek"]
[Result "0-1"]
[WhiteElo "1918"]
[BlackElo "1800"]
[PlyCount "26"]
[EventDate "2005.??.??"]
[EventType "corr"]
[EventRounds "2"]
[SourceDate "2005.03.12"]

1. e4 Nc6 2. d4 d5 3. Nc3 e5 4. dxe5 d4 5. Nd5 f5 6. Bb5 fxe4 7. Nf4 a6 8. Qh5+
g6 9. Bxc6+ Kf7 10. Nxg6 hxg6 11. Qxh8 bxc6 12. Ne2 Bg7 13. Ng3 Bxh8 0-1

[Event "MCR_KT_03"]
[Site "?"]
[Date "2005.??.??"]
[Round "?"]
[White "Sindelar, Frantisek"]
[Black "Kudr, Roman"]
[Result "1/2-1/2"]
[WhiteElo "1925"]
[BlackElo "1987"]
[PlyCount "57"]
[EventDate "2005.??.??"]
[EventType "corr"]
[EventRounds "2"]
[SourceDate "2005.03.12"]

1. Nf3 Nf6 2. g3 b6 3. Bg2 Bb7 4. d4 e6 5. O-O Be7 6. c4 O-O 7. Nc3 Ne4 8. Qc2
Nxc3 9. Qxc3 f5 10. Rd1 Bf6 11. Bf4 g5 12. Be5 g4 13. Ne1 Bxg2 14. Nxg2 Nc6 15.
Nf4 Bg5 16. h4 gxh3 17. Nxh3 Bh6 18. Bf4 Bg7 19. e3 d6 20. Qc2 Qe8 21. d5 Nb4
22. Qd2 a5 23. a3 Na6 24. dxe6 Qxe6 25. Rac1 h6 26. b4 axb4 27. axb4 Rfb8 28.
Rc2 b5 29. Qd5 1/2-1/2

[Event "MCR_KT_03"]
[Site "?"]
[Date "2005.??.??"]
[Round "?"]
[White "Sindelar, Frantisek"]
[Black "Novak, Jindrich"]
[Result "1-0"]
[WhiteElo "1925"]
[BlackElo "1807"]
[PlyCount "51"]
[EventDate "2005.??.??"]
[EventType "corr"]
[EventRounds "2"]
[SourceDate "2005.03.12"]

1. Nf3 c5 2. e4 f5 3. exf5 Nc6 4. Ng5 Nf6 5. Be2 h5 6. Ne4 e5 7. Nxf6+ Qxf6 8.
Bxh5+ Kd8 9. d3 d5 10. Bf3 Bxf5 11. Bxd5 Kc7 12. Nc3 Rd8 13. g4 Bg6 14. Ne4
Bxe4 15. Bxe4 c4 16. g5 Qf7 17. Be3 cxd3 18. cxd3 Bb4+ 19. Kf1 Rd4 20. Bxc6
bxc6 21. Bxd4 exd4 22. Qg4 Kb6 23. h4 Rf8 24. Rh2 Bd2 25. Qxd4+ c5 26. Qd6+ 1-0

[Event "MCR_KT_03"]
[Site "?"]
[Date "2005.??.??"]
[Round "?"]
[White "Sindelar, Frantisek"]
[Black "Obrusnik, Pavel"]
[Result "1-0"]
[WhiteElo "1925"]
[BlackElo "1800"]
[PlyCount "61"]
[EventDate "2005.??.??"]
[EventType "corr"]
[EventRounds "2"]
[SourceDate "2005.03.12"]

1. Nf3 e5 2. Nxe5 d6 3. Nf3 b6 4. c4 Bb7 5. Nc3 Bxf3 6. gxf3 Nf6 7. Bg2 c6 8.
f4 Be7 9. d4 Qc8 10. Rg1 O-O 11. d5 c5 12. e4 a5 13. e5 Ne8 14. Qd3 g6 15. Nb5
Na6 16. Bd2 Nb4 17. Qe4 f5 18. Qb1 Rb8 19. a3 Na6 20. Na7 Qc7 21. Nc6 Rc8 22.
b4 a4 23. Qd1 dxe5 24. fxe5 Nb8 25. d6 Bxd6 26. Bd5+ Kh8 27. exd6 Qxd6 28. Bc3+
Ng7 29. Be5 Rce8 30. Qe2 Nxc6 31. Bxd6 1-0

[Event "MCR_KT_03"]
[Site "?"]
[Date "2005.??.??"]
[Round "?"]
[White "Sindelar, Frantisek"]
[Black "Pressl, Ladislav"]
[Result "1-0"]
[WhiteElo "1925"]
[BlackElo "1918"]
[PlyCount "77"]
[EventDate "2005.??.??"]
[EventType "corr"]
[EventRounds "2"]
[SourceDate "2005.03.12"]

1. c4 e5 2. e3 Nf6 3. a3 c5 4. d4 cxd4 5. exd4 exd4 6. Nf3 Nc6 7. Nxd4 d5 8.
cxd5 Qxd5 9. Be3 Nxd4 10. Bxd4 Qe4+ 11. Qe2 Be7 12. Qxe4 Nxe4 13. Bxg7 Rg8 14.
Bd4 Bd7 15. f3 Nc5 16. Nd2 Ne6 17. Be3 Bf6 18. Ne4 Ke7 19. Nxf6 Kxf6 20. Kf2
Rgd8 21. g4 Bc6 22. h4 Kg7 23. Be2 a6 24. Rhd1 Rac8 25. Rac1 Rxd1 26. Bxd1 Rd8
27. Be2 Rd6 28. Rd1 Rxd1 29. Bxd1 Nf8 30. Bd4+ Kh6 31. Kg3 Ne6 32. g5+ Kh5 33.
f4+ Kg6 34. h5+ Kf5 35. Bg4+ Ke4 36. Bxe6 fxe6 37. g6 hxg6 38. h6 Kxd4 39. h7
1-0

[Event "MCR_KT_03"]
[Site "?"]
[Date "2005.??.??"]
[Round "?"]
[White "Svoboda, Frantisek"]
[Black "Kudr, Roman"]
[Result "1/2-1/2"]
[WhiteElo "1800"]
[BlackElo "1987"]
[PlyCount "74"]
[EventDate "2005.??.??"]
[EventType "corr"]
[EventRounds "2"]
[SourceDate "2005.03.12"]

1. Nc3 d5 2. e4 d4 3. Nce2 e5 4. Ng3 Nf6 5. Bc4 Be7 6. Nf3 Nc6 7. h3 O-O 8. O-O
Qd6 9. Nh4 Qb4 10. d3 Nxe4 11. a3 Qb6 12. Nxe4 Bxh4 13. Qh5 Be7 14. Bg5 Bf5 15.
Rae1 Bg6 16. Qh4 Bxg5 17. Nxg5 Qxb2 18. f4 exf4 19. Rxf4 Nd8 20. Re5 Nc6 21.
Ref5 Bxf5 22. Rxf5 h6 23. Nxf7 Qc1+ 24. Rf1 Qe3+ 25. Kh1 Kh7 26. Re1 Qd2 27.
Qe4+ g6 28. Ne5 Nxe5 29. Qxe5 Qf4 30. Qe7+ Kh8 31. Re4 Qd6 32. Qxd6 cxd6 33.
Rxd4 Rad8 34. Kg1 Kg7 35. Bd5 b5 36. Bc6 a6 37. Bb7 Rb8 1/2-1/2

[Event "MCR_KT_03"]
[Site "?"]
[Date "2005.??.??"]
[Round "?"]
[White "Svoboda, Frantisek"]
[Black "Novak, Jindrich"]
[Result "1-0"]
[WhiteElo "1800"]
[BlackElo "1807"]
[PlyCount "75"]
[EventDate "2005.??.??"]
[EventType "corr"]
[EventRounds "2"]
[SourceDate "2005.03.12"]

1. Nc3 d6 2. d4 c6 3. e4 e5 4. dxe5 dxe5 5. Qxd8+ Kxd8 6. Bc4 f6 7. Be3 Ne7 8.
O-O-O+ Kc7 9. Nge2 Nd7 10. Rd2 b5 11. Bf7 Nb6 12. Bxb6+ Kxb6 13. f4 exf4 14.
Nxf4 Ng6 15. Bxg6 hxg6 16. Nxg6 Rg8 17. Rd8 Bb7 18. Rxa8 Bxa8 19. Nxf8 Rxf8 20.
Kd2 c5 21. Ke3 b4 22. Nd5+ Bxd5 23. exd5 Re8+ 24. Kf3 Kc7 25. c4 bxc3 26. bxc3
Kd6 27. c4 Rb8 28. Re1 Rb4 29. Re4 Ra4 30. h4 Rxa2 31. Re6+ Kd7 32. Rc6 Ra3+
33. Kg4 Rd3 34. Rxc5 Ke8 35. Kf5 Kd7 36. Ra5 Rg3 37. Rxa7+ Ke8 38. Ke6 1-0

[Event "MCR_KT_03"]
[Site "?"]
[Date "2005.??.??"]
[Round "?"]
[White "Svoboda, Frantisek"]
[Black "Obrusnik, Pavel"]
[Result "1-0"]
[WhiteElo "1800"]
[BlackElo "1800"]
[PlyCount "51"]
[EventDate "2005.??.??"]
[EventType "corr"]
[EventRounds "2"]
[SourceDate "2005.03.12"]

1. Nc3 e5 2. Nf3 Nc6 3. d4 d6 4. dxe5 Be6 5. Bf4 dxe5 6. Nxe5 Qxd1+ 7. Rxd1
Nxe5 8. Bxe5 c6 9. Ne4 Be7 10. Bxg7 Bd5 11. Bxh8 Bxe4 12. c3 f6 13. f3 Bg6 14.
e4 Kf8 15. Bc4 Re8 16. Rd7 b5 17. Be6 a5 18. Kd2 Bf7 19. Bf5 h5 20. e5 fxe5 21.
Re1 Bf6 22. Bxf6 Nxf6 23. Rd6 Nd5 24. Rxc6 Ne7 25. Rc5 Nxf5 26. Rexe5 1-0

[Event "MCR_KT_03"]
[Site "?"]
[Date "2005.??.??"]
[Round "?"]
[White "Svoboda, Frantisek"]
[Black "Pressl, Ladislav"]
[Result "1-0"]
[WhiteElo "1800"]
[BlackElo "1918"]
[PlyCount "35"]
[EventDate "2005.??.??"]
[EventType "corr"]
[EventRounds "2"]
[SourceDate "2005.03.12"]

1. Nc3 Nf6 2. g3 c6 3. Bg2 d5 4. d3 e5 5. e4 Bb4 6. Bd2 d4 7. Nce2 Bxd2+ 8.
Qxd2 O-O 9. f4 Re8 10. fxe5 Rxe5 11. Nf3 Rb5 12. Nexd4 Rxb2 13. Nb3 Qb6 14. Kd1
Qa6 15. a4 Be6 16. Qc3 Bxb3 17. Qxb2 Bxa4 18. Qd4 1-0

[Event "MCR_KT_03"]
[Site "?"]
[Date "2005.??.??"]
[Round "?"]
[White "Svoboda, Frantisek"]
[Black "Sindelar, Frantisek"]
[Result "0-1"]
[WhiteElo "1800"]
[BlackElo "1925"]
[PlyCount "80"]
[EventDate "2005.??.??"]
[EventType "corr"]
[EventRounds "2"]
[SourceDate "2005.03.12"]

1. Nc3 d5 2. e4 d4 3. Nce2 e5 4. Ng3 Nf6 5. Bc4 Bd6 6. d3 O-O 7. N1e2 Nc6 8. a3
a6 9. O-O b5 10. Ba2 Re8 11. f4 h6 12. f5 Bb7 13. Nh1 Nb8 14. Neg3 c5 15. Nf2
Nbd7 16. Bd2 Rc8 17. Nh5 c4 18. Ng4 Nxh5 19. Nxh6+ gxh6 20. Qxh5 Bf8 21. Rf3
Qf6 22. Rg3+ Kh8 23. Rf1 Rc6 24. Rg4 Rec8 25. Rf3 cxd3 26. Bxf7 dxc2 27. Bc1
Bg7 28. Be6 d3 29. Rxd3 Rxe6 30. Rg6 Qxg6 31. fxg6 Nf8 32. Qe2 Rxg6 33. Rd2
Rgc6 34. Qg4 Rc4 35. Rd6 Rxe4 36. Rxh6+ Bxh6 37. Qh3 Nh7 38. Qxh6 Rf8 39. Qd2
Rg4 40. g3 Ng5 0-1